Mujeres intelectuales en América Latina.

Saved in:
Bibliografiske detaljer
Hovedforfatter: Cormick, Silvina (editora)
Andre forfattere: Lomnitz, Claudio (prólogo)
Format: Ukendt
Udgivet: Ciudad Autónoma de Buenos Aires, Argentina: SB, 2022.
Udgivelse:1ª edición.
Fag:
Tags: Tilføj Tag
Ingen Tags, Vær først til at tagge denne postø!

MARC

LEADER 00000 a2200000 4500
003 CL-VaPUC
005 20240327093431.0
008 240313t2022 ||||| |||| 00| 0 eng d
999 |c 443171  |d 443169 
020 |a 9789878384955 
040 |c Pontificia Universidad Católica de Valparaíso 
082 7 |a 305.4098 COR 2022  |2 22 
100 |a Cormick, Silvina   |9 887605  |e editora 
245 |a Mujeres intelectuales en América Latina. 
250 |a 1ª edición. 
260 |a Ciudad Autónoma de Buenos Aires, Argentina:  |b SB,   |c 2022. 
300 |a 290 páginas.  
583 |k GC  |c 20240313 
650 |a Mujeres intelectuales  |z América latina   |x Historia   |y Siglos 19-20  |9 887672 
700 |a Lomnitz, Claudio   |e prólogo  |9 887673 
942 |2 ddc  |c BK 
952 |0 0  |1 0  |2 ddc  |4 0  |6 305_409800000000000_COR_2022  |7 0  |8 A  |9 593610  |a BIBHIS  |b BIBHIS  |d 2024-03-11  |e 3  |g 23509.00  |i 5660310  |o 305.4098 COR 2022  |p 5660310  |r 2024-03-11  |t 1  |v 23509.00  |w 2024-03-11  |y BK  |k HIS